Restoring Order Quiz Stats

 Plays Quiz Updated Mar 29, 2019

Score 0/28 Timer 04:00
0 Plays Today
Hint Answer % Correct
Countries by Area
Largest to Smallest
Angola - 1 246 700 sq. km
97.4%
Countries by Area
Largest to Smallest
Papua New Guinea - 462 840 sq. km
92.4%
Countries by Area
Largest to Smallest
Iraq - 438 317 sq. km
91.5%
Countries by Area
Largest to Smallest
Japan - 377 930 sq. km
90.6%
Countries by Area
Largest to Smallest
Cuba - 109 886 sq. km
89.9%
Countries by Area
Largest to Smallest
Poland - 312 685 sq. km
89.8%
Countries by Area
Largest to Smallest
Kyrgyzstan - 199 951 sq. km
88.6%
Fractions
Smallest to Largest
29/9 = 3.222...
78%
Historical Figures
Chronological
Khufu - c. 2589-2566 BC
76.2%
Fractions
Smallest to Largest
7/2 = 3.5
74.8%
Fractions
Smallest to Largest
18/5 = 3.6
72.6%
Historical Figures
Chronological
Confucius - 551-479 BC
72.1%
Historical Figures
Chronological
Aristotle - 384-322BC
70.3%
Fractions
Smallest to Largest
13/3 = 4.333
70.2%
Hint Answer % Correct
Fractions
Smallest to Largest
37/8 = 4.625
68.7%
Fractions
Smallest to Largest
63/11 = 5.7272...
68%
Historical Figures
Chronological
Caligula - 12-41
67.8%
Fractions
Smallest to Largest
23/4 = 5.75
67.5%
Historical Figures
Chronological
Attila the Hun - 406-453
64.3%
Historical Figures
Chronological
Charlemagne - 742-814
62%
Historical Figures
Chronological
Joan of Arc - 1412-1431
61.8%
Elements by Atomic Number
Lowest to Highest
Boron - 5
60%
Elements by Atomic Number
Lowest to Highest
Titanium - 22
52.2%
Elements by Atomic Number
Lowest to Highest
Cobalt - 27
49.5%
Elements by Atomic Number
Lowest to Highest
Zinc - 30
48.1%
Elements by Atomic Number
Lowest to Highest
Arsenic - 33
45.1%
Elements by Atomic Number
Lowest to Highest
Platinum - 78
42.1%
Elements by Atomic Number
Lowest to Highest
Radon - 86
41.8%

You're not logged in!

Compare scores with friends on all Sporcle quizzes.
OR
Log In

You Might Also Like...

Show Comments

Extras

Top Quizzes Today


Score Distribution

Your Account Isn't Verified!

In order to create a playlist on Sporcle, you need to verify the email address you used during registration. Go to your Sporcle Settings to finish the process.

Report this User

Report this user for behavior that violates our Community Guidelines.

Details: